000 00775pam a2200265 4500
001 4983
003 BD-RjUL
005 20211208234005.0
008 131224s1974 nyu b 001 0 eng
020 _a0379110903
035 _a(BD-RjUL)5019
040 _aDLC
_cDLC
_dDLC
_dBD-RjUL
_beng
041 _aeng
082 0 0 _a340.072073
_219
_bLLF 1974
100 1 _aLloyd, David,
_d1946-
_915681
245 1 0 _aFinding the law :
_ba guide to legal research /
_cDavid Lloyd.
260 _aDobbs Ferry, N.Y. :
_bOceana Publications,
_cc1974.
300 _av, 119 p. ;
_c20 cm.
490 0 _aLegal almanac series, no. 74
504 _aIncludes bibliographies.
650 0 _aLegal research
_zUnited States.
_91238
942 _2ddc
_cBK
999 _c4983
_d4983